| 000 | 00943nam a2200277 i 4500 | ||
|---|---|---|---|
| 001 | 146577 | ||
| 003 | ES-MaACL | ||
| 005 | 20250828090946.0 | ||
| 007 | t| | ||
| 008 | 070910s1957 sp ||||1| spa d | ||
| 080 | _a371.03:28(04) | ||
| 080 | _a371.04-053.7 | ||
| 100 | 1 |
_aTóth, Tihamér. _9111109 |
|
| 245 | 1 | 3 |
_aEl joven de porvenir / _cMons. Tihamér Tóth, obispo de Veszprém ; [traducido del original húngaro por Antonio Sancho]. |
| 250 | _a8ª ed. | ||
| 260 |
_aMadrid : _bSociedad de Educación Atenas, _c[1957] |
||
| 300 |
_a175 p. ; _c21 cm. |
||
| 490 | 1 |
_aColección para jóvenes ; _v4 |
|
| 650 | 4 |
_aJóvenes- _xEducación. _912093 |
|
| 650 | 7 |
_aEducación cristiana _2embne _912090 |
|
| 700 | 1 |
_aSancho Nebot, Antonio, _d1884-1961 _9103048 |
|
| 710 | 2 |
_aSociedad de Educación Atenas _96665 |
|
| 830 | 1 |
_aColección para jóvenes ; _v4 _9187424 |
|
| 852 |
_aES-MaACL _jC-14025 |
||
| 999 |
_c146577 _d146577 |
||